000
00304nam a22001217a 4500
020
_a
978-0-19-568909-9
082
_a
338.88
100
_a
Joshi, Rakesh Mohan
245
_a
International Business
260
_a
New Delhi:
_b
Oxford University Press,
_c
2009
300
_a
xx, 912p.: ill.; 24cm
942
_c
BK
999
_c
22171
_d
22171